| 000 | 01001cab a2200265 4500 | ||
|---|---|---|---|
| 001 | ABS48054 | ||
| 008 | 090401t1993 xxu||||| |||| 00| 0 eng d | ||
| 035 | _a(Sirsi) u64681 | ||
| 041 | _aeng | ||
| 100 | _aSmith, T. | ||
| 245 | _aEuropean observatory - an urban information network | ||
| 260 | _c1993 | ||
| 350 | _a0 | ||
| 490 |
_aBURISA _v(107) February 1993, 5-7(3) |
||
| 520 | _aThe Reseau Observatoires Metropolitains en Europe (ROME) was founded in 1989 to help overcome fragmentation of local government strategic database planning through advice on research to the EC Commission. Reports on a project for an integrated database: the European Urban Observatory and Decision Support System. | ||
| 650 | _aCITIES | ||
| 650 | _aDATABASES | ||
| 650 | _aEUROPEAN OBSERVATORY | ||
| 650 | _aINFORMATION EXCHANGE | ||
| 650 | _aSTRATEGIC PLANNING | ||
| 650 | _aURBAN MANAGEMENT | ||
| 690 | _aMANAGEMENT-BUSINESS MANAGEMENT-INFORMATION MANAGEMENT | ||
| 942 | _n0 | ||
| 948 | _c04/03/1997 | ||
| 999 |
_c40296 _d40296 |
||